000
00334 a2200157 4500
001
14036
020
_a
9788502072985
040
_c
Anchieta - Aquarius
100
_a
BEZERRIL, Marcelo
240
1
0
_a
=Outros 500
_l
por
245
1
0
_a
=Outros 500
300
_a
112p.
362
0
_a
2008
650
4
_a
Literatura brasileira
942
_c
BK
999
_c
14036
_d
14036